Văn hoá ẩm thực Thái Bình

Giới thiệu về đất và người Thái Bình ,đặt biệt là văn hóa ẩm thực nơi đây.Quyển sách còn giói thiệu chi tiết cách nấu những món ăn ,thức uống và ý nghĩa của chúng.

Uloženo v:
Podrobná bibliografie
Hlavní autor: Phạm, Minh Đức
Médium: Kniha
Jazyk:Undetermined
Vydáno: Hà Nội Văn hóa Dân tộc 2011
Témata:
Tagy: Přidat tag
Žádné tagy, Buďte první, kdo otaguje tento záznam!
Thư viện lưu trữ: Trung tâm Học liệu Trường Đại học Cần Thơ
LEADER 00842nam a2200193Ia 4500
001 CTU_169673
008 210402s9999 xx 000 0 und d
082 |a 392.3759736 
082 |b Đ552 
100 |a Phạm, Minh Đức 
245 0 |a Văn hoá ẩm thực Thái Bình 
245 0 |c Phạm Minh Đức 
260 |a Hà Nội 
260 |b Văn hóa Dân tộc 
260 |c 2011 
520 |a Giới thiệu về đất và người Thái Bình ,đặt biệt là văn hóa ẩm thực nơi đây.Quyển sách còn giói thiệu chi tiết cách nấu những món ăn ,thức uống và ý nghĩa của chúng. 
650 |a Cookery, vietnamese,Ẩm thực Việt Nam 
904 |i Linh, Hải 
980 |a Trung tâm Học liệu Trường Đại học Cần Thơ